000 01341cam a2200409 a 4500
001 16730325
003 SISC
005 20170125103210.0
008 110411s2011 caua b 001 0 eng d
010 _a 2011927202
015 _aGBB0B4494
_2bnb
020 _a1848606796
020 _a9781848606791
020 _a184860680X (pbk.)
020 _a9781848606807 (pbk.)
035 _a(OCoLC)ocn769807871
040 _aNLE
_cNLE
_dCDX
_dYDXCP
_dBWX
_dIXA
_dJHE
_dHNK
_dDLC
042 _alccopycat
050 0 0 _aHD 58.7
_b.K458 2011
082 0 4 _a302.35
100 1 _aKenny, Kate.
245 1 0 _aUnderstanding identity & organizations /
_cKate Kenny, Andrea Whittle & Hugh Willmott.
246 3 _aUnderstanding identity and organizations.
260 _aLos Angeles, Calif. ;
_aLondon :
_bSAGE,
_c2011.
300 _aviii, 204 pages :
_billustrations ;
_c25 cm.
504 _aIncludes bibliographical references and index.
650 0 _aOrganizational behavior.
650 0 _aIdentity (Psychology).
650 0 _aOrganizational sociology.
650 0 _aCorporate culture.
700 1 _aWhittle, Andrea.
700 1 _aWillmott, Hugh.
906 _a7
_bcbc
_ccopycat
_d2
_encip
_f20
_gy-gencatlg
942 _2lcc
_cBK
_kFOR
999 _c275396
_d275396